000 01999nam a2200265Ia 4500
999 _c47165
_d47165
001 14023
003 GE_BSU
005 20241031120708.0
008 181216s1970||||ge |||||||||||||| ||geo||
040 _cGE_BSU
041 _ageo
080 _a94(479.22) ს-32
245 _aსაქართველოს ისტორიის ნარკვევები რვა ტომად. ტ.1 :
_bსაქართველო უძველესი დროიდან ახალი წელთაღრიცხვის IV საუკუნემდე /
_cსარედ. კოლ. : გ. მელიქიშვილი (მთ. რედ.), ი. ანთელავა, ვ. დონდუა და სხვ. ; ტომის რედ. : გ. მელიქიშვილი ; მხატვ. : ლ. გრიგოლია. პირველი ტომის ავტ. გ. მელიქიშვილი, ა. კალანდაძე და სხვ. მხატვ. ლ. გრიგოლია
264 _aთბილისი :
_bსაბჭოთა საქართველო,
_c1970.
300 _a814 გვ. :
_b19 ფ. ილ. .
500 _aპირთა სახელების საძიებელი გვ. : 784-809
541 _h25ლ.
653 _aსაქართველო უძველესი დროიდან ახალი წელთაღრიცხვის IV საუკუნემდე
653 _aსაქართველოს ისტორიის ნარკვევები რვა ტომად. ტ.1
700 _aმელიქიშვილი, მ.
_eრედაქტორი
_923564
700 _aანთელავა, ი.
_eრედაქტორი
_923565
700 _aდონდუა, ვ.
_eრედაქტორი
_916396
700 _aგრიგოლია, ლ.
_eმხატვარი
_923566
942 _cBK
_2udc